LEADER 01751nas 2200433 n 450 001 990009076660403321 005 20240229084428.0 011 $a0044-1449 035 $a000907666 035 $aFED01000907666 035 $a(Aleph)000907666FED01 035 $a000907666 091 $2CNR$aP 00087789 100 $a20161109a19699999km-y0itaa50------ba 101 0 $ager 102 $aDE 110 $aauu-------- 200 1 $aZeitschrift für Dialektologie und Linguistik 207 1$a1969- 210 $aWiesbaden$cSteiner-Verlag-Wiesbaden-GmbH 326 $aQuadrimestrale 421 0$12001$aZeitschrift fur Dialektologie und Linguistik. Beihefte 430 0$1001000907707$12001$aZeitschrift für Mundartforschung 452 0$12001$aZeitschrift für Dialektologie und Linguistik 530 0 $aZeitschrift für Dialektologie und Linguistik 675 $a803.0-087 675 $a800 675 $a800.87 675 $a8 801 0$aIT$bACNP$c20090723 859 4 $uhttp://acnp.cib.unibo.it/cgi-ser/start/it/cnr/dc-p1.tcl?catno=59069&person=false&language=ITALIANO&libr=&libr_th=unina1$zBiblioteche che possiedono il periodico 901 $aSE 912 $a990009076660403321 958 $aBRAU. Biblioteca di Ricerca di Area Umanistica$b1969-1982;$eGERMANIA 69$fFLFBC 959 $aFLFBC 996 $aZeitschrift für Dialektologie und Linguistik$9786755 997 $aUNINA AP1 8 $6866-01$aNA072 BRAU. Biblioteca di Ricerca di Area Umanistica$bGERMANIA 69$ePiazza Bellini 56/60, 80133 Napoli (NA)$m(081) 2533948$nit AP2 40$aacnp.cib.unibo.it$nACNP Italian Union Catalogue of Serials$uhttp://acnp.cib.unibo.it/cgi-ser/start/it/cnr/df-p.tcl?catno=59069&language=ITALIANO&libr=&person=&B=1&libr_th=unina&proposto=NO LEADER 02605nam 22005173 450 001 9910983057103321 005 20251116214027.0 010 $a9783031791062 010 $a3031791061 035 $a(MiAaPQ)EBC31876419 035 $a(Au-PeEL)EBL31876419 035 $a(CKB)37193718300041 035 $a(OCoLC)1492156382 035 $a(BIP)119833955 035 $a(BIP)118896879 035 $a(EXLCZ)9937193718300041 100 $a20250115d2025 uy 0 101 0 $aeng 135 $aurcnu|||||||| 181 $ctxt$2rdacontent 182 $cc$2rdamedia 183 $acr$2rdacarrier 200 10$aJudicial Oppression of Child Rights in Democratic States and by International Human Rights Bodies $eA Comparative Perspective 205 $a1st ed. 210 1$aCham :$cSpringer,$d2025. 210 4$d©2025. 215 $a1 online resource (183 pages) 225 0 $aLaw and Criminology Series 311 08$a9783031791055 311 08$a3031791053 330 $aThe book analyzes in depth selected contemporary U.S., Canadian and European landmark and other cases illustrating the nature and impact of the legal regime that undermines child human rights empowerment in many Westerm democracies. The objectives in writing this book are to (i) encourage a re-evaluation of the legal regime that fosters the erosion of the notion of children as autonomous holders of fundamental human rights and not but subjects with weak derivative rights stemming from parental or family rights; (ii) highlight the courts' proper role in a democracy of protecting child and youth human rights empowerment and to (iii) contribute to fostering an evolution in the historical notion of the court's patris patriae doctrine as including the protection and strengthening of child autonomous fundamental human rights and child empowerment. Ultimately then the book highlights through the child rights domain the significant role the courts must and should play in strengthening democratic values and principles. 606 $aLAW / Comparative$2bisacsh 606 $aLAW / International$2bisacsh 606 $aPOLITICAL SCIENCE / Human Rights$2bisacsh 615 7$aLAW / Comparative 615 7$aLAW / International 615 7$aPOLITICAL SCIENCE / Human Rights 676 $a341.48572 700 $aGrover$b Sonja$0788559 801 0$bMiAaPQ 801 1$bMiAaPQ 801 2$bMiAaPQ 906 $aBOOK 912 $a9910983057103321 996 $aJudicial Oppression of Child Rights in Democratic States and by International Human Rights Bodies$94317122 997 $aUNINA